[Event "Landesliga Nord 9899"]
[Site "Bayern"]
[Date "1999.01.17"]
[Round "4.4"]
[White "Reinhart, Harald"]
[Black "Engelmann, Wolfgang"]
[Result "1-0"]
[WhiteElo "2170"]
[BlackElo "2150"]
[PlyCount "151"]
[EventDate "1998.10.11"]
[EventType "team-tourn"]
[EventRounds "9"]
[EventCountry "GER"]
[SourceTitle "EXT 2020"]
[Source "ChessBase"]
[SourceDate "2019.10.17"]
[SourceVersion "1"]
[SourceVersionDate "2019.10.17"]
[SourceQuality "1"]
[WhiteTeam "Obernburg"]
[BlackTeam "Fuerth SF"]
[WhiteTeamCountry "GER"]
[BlackTeamCountry "GER"]

1. d4 Nf6 2. Nf3 g6 3. c4 Bg7 4. Nc3 0-0 5. g3 d6 6. Bg2 c6 7. 0-0 Nbd7 8. Qc2 Re8 9. Rd1 e5 10. dxe5 dxe5 11. b3 Qa5 12. a3 Nf8 13. b4 Qc7 14. c5 Bf5 15. e4 Bg4 16. Bb2 Ne6 17. Ne2 Nd7 18. Rd6 Bxf3 19. Bxf3 a5 20. Rad1 Ndf8 21. Bg2 axb4 22. axb4 Ra2 23. Qb3 Rea8 24. Nc1 R2a4 25. h4 b6 26. Nd3 Nd4 27. Bxd4 exd4 28. e5 bxc5 29. Rxc6 Qe7 30. Rxc5 Ra3 31. Qc4 Rd8 32. Rc1 Ne6 33. Rc8 Bf8 34. Rxd8 Qxd8 35. Bh3 Qb6 36. Bxe6 fxe6 37. Nf4 Kf7 38. Qc8 Rc3 39. Rxc3 dxc3 40. Qxc3 Qxb4 41. Qxb4 Bxb4 42. Kf1 Bc3 43. Nd3 h5 44. Ke2 Bd4 45. Kf3 Bb6 46. Kf4 Kg7 47. f3 Bd4 48. Ke4 Bb6 49. Nf4 Kf7 50. Ne2 Bf2 51. Kf4 Be1 52. Kg5 Bd2+ 53. f4 Be1 54. g4 hxg4 55. Kxg4 Bf2 56. Nc3 Be1 57. Ne4 Bb4 58. Nd6+ Kg7 59. Kg5 Bd2 60. Ne8+ Kf7 61. Nf6 Bc1 62. Ne4 Be3 63. Nd6+ Kg7 64. Nb7 Bb6 65. Nd6 Be3 66. Ne8+ Kf7 67. Nc7 Bb6 68. Nxe6 Kxe6 69. Kxg6 Be3 70. Kg5 Kf7 71. Kf5 Bc5 72. h5 Kg7 73. Ke6 Kh6 74. f5 Kxh5 75. Kf7 Bb6 76. e6 1-0

[Event "Landesliga Nord 9798"]
[Site "Bayern"]
[Date "1997.11.09"]
[Round "2.3"]
[White "Heimrath, Reiner"]
[Black "Reinhart, Harald"]
[Result "1/2-1/2"]
[WhiteElo "2205"]
[BlackElo "2190"]
[PlyCount "151"]
[EventDate "1997.10.19"]
[EventType "team-tourn"]
[EventRounds "9"]
[EventCountry "GER"]
[SourceTitle "EXT 2020"]
[Source "ChessBase"]
[SourceDate "2019.10.17"]
[SourceVersion "1"]
[SourceVersionDate "2019.10.17"]
[SourceQuality "1"]
[WhiteTeam "Fuerth SF"]
[BlackTeam "Obernburg"]
[WhiteTeamCountry "GER"]
[BlackTeamCountry "GER"]

1. e4 c5 2. Nc3 Nc6 3. d3 g6 4. Be3 d6 5. d4 cxd4 6. Bxd4 Nxd4 7. Qxd4 e5 8. Bb5+ Bd7 9. Bxd7+ Qxd7 10. Qd3 Nf6 11. Nf3 Be7 12. 0-0 0-0 13. Rfd1 Rfd8 14. Nd2 Rac8 15. Nf1 Qc6 16. Ne3 Bf8 17. a4 Qc5 18. Ra3 Rc6 19. Rb3 Rb6 20. Ncd5 Nxd5 21. Nxd5 Rxb3 22. Qxb3 b6 23. g3 Rc8 24. Ne3 Be7 25. Rd3 Qc6 26. Nd5 Bd8 27. Rc3 Qd7 28. Rf3 Rc5 29. h4 Qe6 30. Kg2 Kg7 31. Qd3 Qg4 32. Ne3 Qe6 33. c4 Be7 34. Nd5 Bd8 35. b3 h5 36. Nc3 Be7 37. Qc2 Qg4 38. Nd5 Bd8 39. Ne3 Qe6 40. Kh2 Be7 41. Qd1 Rc8 42. Nd5 Bd8 43. Rd3 Kg8 44. Nc3 Be7 45. Nb5 a6 46. Nxd6 Rc6 47. Nb7 Rc7 48. Nd6 Rc6 49. c5 Rxc5 50. Nc4 b5 51. axb5 axb5 52. Ne3 Qc6 53. Rd5 Qf6 54. Kg2 Qc6 55. Qd3 Kg7 56. Rxc5 Qxc5 57. Qd5 Bf8 58. Kf3 Qxd5 59. Nxd5 f5 60. Nc7 Kf6 61. Nxb5 Bc5 62. Nc3 Ke6 63. Nd1 Bd4 64. Ne3 Bc5 65. Nc2 fxe4+ 66. Ke2 Kf5 67. Ne3+ Ke6 68. Kd2 Bd4 69. Kc2 Kd6 70. b4 Kc6 71. Kb3 Kb5 72. Nd1 Bb6 73. Nc3+ Kc6 74. Kc4 Bxf2 75. Nxe4 Be1 76. b5+ 1/2-1/2

[Event "Landesliga Nord 9798"]
[Site "Bayern"]
[Date "1997.10.19"]
[Round "1.3"]
[White "Reinhart, Harald"]
[Black "Kuhn, Norbert"]
[Result "1/2-1/2"]
[WhiteElo "2190"]
[BlackElo "2150"]
[PlyCount "36"]
[EventDate "1997.10.19"]
[EventType "team-tourn"]
[EventRounds "9"]
[EventCountry "GER"]
[SourceTitle "EXT 2020"]
[Source "ChessBase"]
[SourceDate "2019.10.17"]
[SourceVersion "1"]
[SourceVersionDate "2019.10.17"]
[SourceQuality "1"]
[WhiteTeam "Obernburg"]
[BlackTeam "Wuerzburg II"]
[WhiteTeamCountry "GER"]
[BlackTeamCountry "GER"]

1. d4 d5 2. Nf3 Nf6 3. c4 e6 4. Nc3 Be7 5. Bg5 0-0 6. e3 c5 7. cxd5 exd5 8. Be2 Nc6 9. dxc5 Be6 10. Nd4 Bxc5 11. Nxe6 fxe6 12. 0-0 Rc8 13. Qb3 Rc7 14. Rad1 Kh8 15. e4 Nd4 16. Rxd4 Bxd4 17. Nb5 dxe4 18. Nxc7 Qxc7 1/2-1/2

[Event "Oberliga Bayern 9697"]
[Site "Bayern"]
[Date "1997.??.??"]
[Round "?"]
[White "Reinhart, Harald"]
[Black "Taeger, Winfried"]
[Result "1/2-1/2"]
[WhiteElo "2115"]
[BlackElo "2310"]
[PlyCount "70"]
[EventDate "1996.10.13"]
[EventType "team-tourn"]
[EventRounds "9"]
[EventCountry "GER"]
[SourceTitle "EXT 2020"]
[Source "ChessBase"]
[SourceDate "2019.10.17"]
[SourceVersion "1"]
[SourceVersionDate "2019.10.17"]
[SourceQuality "1"]
[WhiteTeam "Obernburg"]
[BlackTeam "Tegernsee TV"]
[WhiteTeamCountry "GER"]
[BlackTeamCountry "GER"]

1. d4 d5 2. c4 c6 3. Nf3 Nf6 4. Nc3 e6 5. e3 Nbd7 6. Qc2 Bd6 7. Be2 0-0 8. b3 dxc4 9. bxc4 e5 10. Bb2 Qe7 11. dxe5 Nxe5 12. Nxe5 Bxe5 13. 0-0 Bg4 14. h3 Bxe2 15. Nxe2 Rfe8 16. Rfd1 Bxb2 17. Qxb2 Ne4 18. Nd4 Qf6 19. Rab1 Re7 20. f3 Nc5 21. Qa3 Qe5 22. e4 Rd7 23. Nf5 Rxd1+ 24. Rxd1 Ne6 25. Rd7 Qc5+ 26. Qxc5 Nxc5 27. Rc7 Rd8 28. e5 Rd1+ 29. Kh2 h5 30. h4 Rd7 31. Rc8+ Kh7 32. f4 Ne6 33. g3 Rd2+ 34. Kg1 g6 35. Nd6 Nd4 1/2-1/2

[Event "Landesliga Nord 9596"]
[Site "Bayern"]
[Date "1996.??.??"]
[Round "?"]
[White "Reinhart, Harald"]
[Black "Bucka, Reinhard"]
[Result "1-0"]
[WhiteElo "2070"]
[BlackElo "2120"]
[PlyCount "111"]
[EventDate "1995.10.??"]
[EventType "team-tourn"]
[EventRounds "9"]
[EventCountry "GER"]
[SourceTitle "EXT 2020"]
[Source "ChessBase"]
[SourceDate "2019.10.17"]
[SourceVersion "1"]
[SourceVersionDate "2019.10.17"]
[SourceQuality "1"]
[WhiteTeam "Obernburg"]
[BlackTeam "Bamberg SC II"]
[WhiteTeamCountry "GER"]
[BlackTeamCountry "GER"]

1. d4 Nf6 2. Nf3 g6 3. c4 Bg7 4. Nc3 d5 5. e3 0-0 6. Be2 b6 7. 0-0 Bb7 8. b4 dxc4 9. Bxc4 c5 10. bxc5 bxc5 11. Rb1 cxd4 12. Nxd4 Qc7 13. Qb3 Ba6 14. Ncb5 Bxb5 15. Nxb5 Qb6 16. Ba3 Nc6 17. Qa4 Qa5 18. Qxa5 Nxa5 19. Be2 a6 20. Nc7 Ra7 21. Rfc1 Ne4 22. Bb4 Nb7 23. Bxe7 Nc3 24. Rxc3 Bxc3 25. Bxf8 Kxf8 26. Nxa6 Nd6 27. g3 Ne4 28. a4 Ba5 29. Rb8+ Kg7 30. Bb5 Nc3 31. Kg2 Nxa4 32. Bxa4 Rxa6 33. Rb7 Rb6 34. Ra7 Be1 35. Kf1 Bc3 36. Be8 Rf6 37. Ke2 Kf8 38. Bb5 Rb6 39. Bc4 Rf6 40. f4 h6 41. e4 Bd4 42. Rd7 Bg1 43. Kf3 g5 44. e5 Rc6 45. Bxf7 gxf4 46. gxf4 Bxh2 47. Bd5 Rc3+ 48. Ke4 Rc1 49. Rf7+ Ke8 50. e6 Re1+ 51. Kf5 Bg1 52. Bc6+ Kd8 53. Rd7+ Kc8 54. e7 Bb6 55. Rb7 Bc5 56. Be4 1-0

[Event "Landesliga Nord 9596"]
[Site "Bayern"]
[Date "1996.??.??"]
[Round "?"]
[White "Reinhart, Harald"]
[Black "Muenster, Manfred"]
[Result "1-0"]
[WhiteElo "2070"]
[BlackElo "1980"]
[PlyCount "115"]
[EventDate "1995.10.??"]
[EventType "team-tourn"]
[EventRounds "9"]
[EventCountry "GER"]
[SourceTitle "EXT 2020"]
[Source "ChessBase"]
[SourceDate "2019.10.17"]
[SourceVersion "1"]
[SourceVersionDate "2019.10.17"]
[SourceQuality "1"]
[WhiteTeam "Obernburg"]
[BlackTeam "Cham"]
[WhiteTeamCountry "GER"]
[BlackTeamCountry "GER"]

1. d4 g6 2. Nf3 Bg7 3. c4 d6 4. g3 Nc6 5. d5 Ne5 6. Bg2 Nxf3+ 7. exf3 Nf6 8. 0-0 0-0 9. Nc3 Nd7 10. f4 Nb6 11. Qb3 Bf5 12. Rd1 Qc8 13. Be3 Nd7 14. a4 Nf6 15. Nb5 a6 16. Nd4 Bd7 17. Nf3 Rb8 18. Ba7 Ra8 19. Bd4 Rb8 20. Ba7 Ra8 21. Bd4 Rb8 22. c5 Bf5 23. Rac1 Re8 24. Re1 Qd7 25. cxd6 cxd6 26. a5 Rbc8 27. Nh4 Rxc1 28. Rxc1 Rc8 29. Rxc8+ Qxc8 30. Nxf5 gxf5 31. Bc3 Ne4 32. Bxe4 fxe4 33. Bxg7 Kxg7 34. Qb6 h5 35. Qd4+ Kg8 36. Qxe4 h4 37. gxh4 Qc1+ 38. Kg2 Qxb2 39. Qxe7 Qd4 40. Qd8+ Kh7 41. Qxd6 Qg7+ 42. Kf3 Qc3+ 43. Kg4 Qc8+ 44. f5 Qc4+ 45. Kg5 Qd4 46. h5 f6+ 47. Qxf6 Qd2+ 48. Kg4 Qd1+ 49. Kf4 Qd2+ 50. Ke5 Qc3+ 51. Ke6 Qc8+ 52. Kd6 Qb8+ 53. Kd7 b5 54. Qg6+ Kh8 55. Qe8+ Qxe8+ 56. Kxe8 b4 57. f6 b3 58. f7 1-0

[Event "Oberliga Bayern 9697"]
[Site "Bayern"]
[Date "1996.??.??"]
[Round "?"]
[White "Reinhart, Harald"]
[Black "Riefner, Edwin"]
[Result "1-0"]
[WhiteElo "2115"]
[BlackElo "2240"]
[PlyCount "47"]
[EventDate "1996.10.13"]
[EventType "team-tourn"]
[EventRounds "9"]
[EventCountry "GER"]
[SourceTitle "EXT 2020"]
[Source "ChessBase"]
[SourceDate "2019.10.17"]
[SourceVersion "1"]
[SourceVersionDate "2019.10.17"]
[SourceQuality "1"]
[WhiteTeam "Obernburg"]
[BlackTeam "Marktheidenfeld"]
[WhiteTeamCountry "GER"]
[BlackTeamCountry "GER"]

1. d4 Nf6 2. Nf3 g6 3. g3 Bg7 4. Bg2 0-0 5. c4 d5 6. 0-0 c6 7. cxd5 cxd5 8. Ne5 Ng4 9. Nxg4 Bxg4 10. Nc3 Nc6 11. h3 Bd7 12. Be3 e6 13. Qd2 Na5 14. b3 Qb6 15. Rfd1 Rfc8 16. Rac1 Bf8 17. Bg5 Qb4 18. e4 dxe4 19. Nxe4 Qxd2 20. Bxd2 Nc6 21. Nf6+ Kg7 22. Nxd7 Nxd4 23. Rxc8 Rxc8 24. Nxf8 1-0

[Event "Landesliga Nord 9596"]
[Site "Bayern"]
[Date "1995.??.??"]
[Round "?"]
[White "Luft, Josef"]
[Black "Reinhart, Harald"]
[Result "1-0"]
[WhiteElo "2150"]
[BlackElo "2045"]
[PlyCount "73"]
[EventDate "1995.10.??"]
[EventType "team-tourn"]
[EventRounds "9"]
[EventCountry "GER"]
[SourceTitle "EXT 2020"]
[Source "ChessBase"]
[SourceDate "2019.10.17"]
[SourceVersion "1"]
[SourceVersionDate "2019.10.17"]
[SourceQuality "1"]
[WhiteTeam "Regensburg DJK II"]
[BlackTeam "Obernburg"]
[WhiteTeamCountry "GER"]
[BlackTeamCountry "GER"]

1. d4 Nf6 2. c4 c5 3. d5 e6 4. Nc3 exd5 5. cxd5 g6 6. e4 d6 7. f4 Bg7 8. Bb5+ Nfd7 9. Bd3 0-0 10. Nf3 Na6 11. 0-0 Nc7 12. a4 a6 13. Nd2 Nf6 14. h3 Rb8 15. Nc4 Nfe8 16. Qf3 b5 17. axb5 Nxb5 18. Nxb5 axb5 19. Na5 Bd7 20. e5 dxe5 21. f5 c4 22. Be4 Rc8 23. g4 b4 24. Be3 Nd6 25. Nc6 Bxc6 26. dxc6 Nxe4 27. Qxe4 Qh4 28. Kg2 Rfd8 29. fxg6 hxg6 30. Qxc4 Rc7 31. Ra7 Rxa7 32. Bxa7 Qe7 33. c7 Rc8 34. Bb6 Qd7 35. Rf3 Bf8 36. Rd3 Bd6 37. Qd5 1-0

[Event "Regionalliga NW 9495"]
[Site "Bayern"]
[Date "1995.??.??"]
[Round "?.5"]
[White "Reinhart, Harald"]
[Black "Kochseder, Georg"]
[Result "1-0"]
[WhiteElo "2040"]
[BlackElo "2015"]
[PlyCount "106"]
[EventDate "1994.10.??"]
[EventType "team-tourn"]
[EventRounds "9"]
[EventCountry "GER"]
[SourceTitle "EXT 1999"]
[Source "ChessBase"]
[SourceDate "1998.11.16"]
[SourceVersion "1"]
[SourceVersionDate "1998.11.16"]
[SourceQuality "1"]
[WhiteTeam "Obernburg"]
[BlackTeam "Bamberg TV"]
[WhiteTeamCountry "GER"]
[BlackTeamCountry "GER"]

1. d4 d5 2. c4 e6 3. Nc3 Nf6 4. Bg5 Be7 5. Nf3 h6 6. Bh4 0-0 7. e3 b6 8. Bxf6 Bxf6 9. cxd5 exd5 10. Qb3 Be6 11. Rd1 Nc6 12. Be2 Ne7 13. 0-0 Rb8 14. Rd2 c5 15. dxc5 bxc5 16. Qa3 Bxc3 17. Qxc3 Qb6 18. Rc1 Rfc8 19. Qa3 Nf5 20. b3 Nd6 21. Rdc2 c4 22. Nd4 cxb3 23. Rxc8+ Rxc8 24. Rxc8+ Nxc8 25. Nxb3 Nd6 26. h3 g6 27. Qa4 Ne4 28. Nd4 Nf6 29. Bd3 Kg7 30. Qc2 Bd7 31. Qc3 Kg8 32. Nf3 Ne8 33. Qe5 Be6 34. Qf4 Kg7 35. h4 Qb2 36. Nd4 Qc1+ 37. Bf1 Qc7 38. Nxe6+ fxe6 39. Qd4+ Nf6 40. f4 h5 41. Bd3 Qe7 42. Qe5 Qf7 43. a4 Kh6 44. Qg5+ Kh7 45. a5 Kg7 46. Qe5 Qd7 47. g4 hxg4 48. h5 Qc6 49. h6+ Kf7 50. Bxg6+ Ke7 51. Qb2 d4 52. Qb4+ Kd8 53. Qxd4+ Nd7 1-0